| 000 | 00978cam a2200289 i 4500 | ||
|---|---|---|---|
| 999 |
_c6582 _d6582 |
||
| 005 | 20200309123814.0 | ||
| 008 | 160315s2017 enk 001 0 eng | ||
| 010 | _a 2016008766 | ||
| 020 | _a9781138813205 (hardback : alk. paper) | ||
| 020 | _a9781138813212 (pbk. : alk. paper) | ||
| 020 | _z9781315748313 (ebook) | ||
| 040 |
_aDLC _beng _cDLC _erda _dDLC |
||
| 042 | _apcc | ||
| 050 | 0 | 0 |
_aTA658.44 _b.C37 2017 |
| 082 | 0 | 0 |
_a693.852 _223 _bCHA |
| 100 | 1 |
_aCharleson, Andrew, _eauthor. |
|
| 245 | 1 | 0 |
_aSeismic isolation for architects / _cAndrew Charleson and Adriana Guisasola. |
| 300 |
_aix, 194 pages ; _c25 cm |
||
| 500 | _aIncludes index. | ||
| 650 | 0 | _aEarthquake resistant design. | |
| 650 | 0 | _aIsolating mechanisms. | |
| 650 | 0 |
_aBuildings _xVibration. |
|
| 700 | 1 |
_aGuisasola, Adriana, _eauthor. |
|
| 906 |
_a7 _bcbc _corignew _d1 _eecip _f20 _gy-gencatlg |
||
| 942 | _2ddc | ||